Bruno Mars - Chansons de l'album An Evening with Silk Sonic - Statistiques

Statistiques générales
  • Ce quiz a été pris 8 fois
  • Le résultat moyen est 6 sur 9
Statistiques - réponses
Hint Réponse % Correct
An Evening with Silk Sonic 2 Leave the Door Open
100%
An Evening with Silk Sonic 4 After Last Night (feat. Thundercat & Bootsy Collins)
83%
An Evening with Silk Sonic2 8 Skate
83%
An Evening with Silk Sonic2 7 777
67%
An Evening with Silk Sonic 3 Fly as Me
67%
An Evening with Silk Sonic2 6 Put On a Smile
67%
An Evening with Silk Sonic 1 Silk Sonic Intro
50%
An Evening with Silk Sonic 5 Smokin Out the Window
50%
An Evening with Silk Sonic2 9 Blast Off
33%
Aucun quiz correspondant
Distribution des résultats
% des personnes avec chaque résultat
Percentile par nombre de réponses
Votre historique - résultats
Vous n’avez pas pris ce quiz